| 000 | 00465nam a2200205Ia 4500 | ||
|---|---|---|---|
| 001 | 13039 | ||
| 003 | GE_BSU | ||
| 008 | 181216s||||||||xx |||||||||||||| ||und|| | ||
| 020 | _a9780006496289 | ||
| 040 | _cGE_BSU | ||
| 080 | _a821.111-3 | ||
| 100 | _aLudlum,Robert. | ||
| 245 | 4 | _aThe apocalypse watch. | |
| 260 | _aLondon. | ||
| 260 | _bHarper Collins Publishers. | ||
| 260 | _c1995 | ||
| 300 | _a790p;21cm. | ||
| 653 | _aThe apocalypse watch. | ||
| 942 | _cBK | ||
| 999 |
_c46206 _d46206 |
||